|
|
|
|
| LEADER |
00732nam a2200217Ia 4500 |
| 001 |
CTU_93769 |
| 008 |
210402s9999 xx 000 0 und d |
| 020 |
|
|
|c 55000
|
| 082 |
|
|
|a 006.68
|
| 082 |
|
|
|b Ng528/T.1
|
| 100 |
|
|
|a Phùng, Thị Nguyệt
|
| 245 |
|
0 |
|a Đồ họa vi tính :
|
| 245 |
|
0 |
|b Xử lý ảnh và ứng dụng Ulead Photoimpact 8 toàn tập tập 1
|
| 245 |
|
0 |
|c Phùng Thị Nguyệt, Phạm Quang Huy
|
| 260 |
|
|
|a Hà Nội
|
| 260 |
|
|
|b Giao thông Vận tải
|
| 260 |
|
|
|c 2004
|
| 650 |
|
|
|a Computer graphics,Image processing,Photoimpact (Computer programs)
|
| 650 |
|
|
|x Computer programs
|
| 904 |
|
|
|i Mai Loan
|
| 980 |
|
|
|a Trung tâm Học liệu Trường Đại học Cần Thơ
|